000 00823nam a22002417a 4500
003 LK-CoMWRAF
005 20240331105044.0
008 230907b2003 |||||||| |||| 00| 0 eng d
020 _a9558464265
040 _aLK-CoMWRAF
_dLK-CoMWRAF
_eLK-CoMWRAF
041 _asin
041 _atam
082 _a372.52
_bDIA
100 _aඩයස්, සිඩ්නි මාකස්
_vDias, Sydney Marcus
245 _aසිත්තම් හුරුව 4=நிறம் தீட்டுவோம்
246 _aSiththam huruwa 4=Niṟam tīṭṭuvōm
260 _aආණමඩුව:
_bතෝතැන්න ප්‍ර‍කාශන,
_c2003
300 _a[12 p.]
650 _aප්‍රාථමික අධ්‍යාපනය
650 _aArt
700 _aDe Silva, Anil Susan
_eills.
942 _cBK
999 _c3461
_d3461